[Event "CZE-chT U12"]
[Site "Jihlava"]
[Date "2022.06.11"]
[Round "4.4"]
[White "Hladky, Mikulas"]
[Black "Jancik, Vojtech"]
[Result "1-0"]
[WhiteElo "1549"]
[BlackElo "1246"]
[PlyCount "99"]
[EventDate "2022.06.10"]
[EventType "team-swiss"]
[EventRounds "9"]
[EventCountry "CZE"]
[SourceTitle "CBM 209 Extra"]
[Source "ChessBase"]
[SourceDate "2022.09.30"]
[SourceVersion "1"]
[SourceVersionDate "2022.09.30"]
[SourceQuality "1"]
[WhiteTeam "Jundrov Jezdci U12"]
[BlackTeam "Plzen 64 U12"]
[WhiteTeamCountry "CZE"]
[BlackTeamCountry "CZE"]

1. e4 c5 2. Nf3 Nc6 3. Bb5 g6 4. 0-0 Bg7 5. Re1 a6 6. Bxc6 dxc6 7. c3 Bg4 8. h3 Be6 9. d4 cxd4 10. Nxd4 Qd7 11. Be3 Rd8 12. Qf3 Nf6 13. Nxe6 Qxe6 14. Bd4 0-0 15. Nd2 c5 16. Bxf6 Bxf6 17. Nb3 c4 18. Nc1 a5 19. a3 b5 20. Na2 Qc6 21. Rad1 Rb8 22. Qg3 b4 23. axb4 axb4 24. Nxb4 Qc5 25. Rd5 Qb6 26. Red1 e6 27. Rd6 Qb5 28. Qf3 Be7 29. Rd7 Bxb4 30. cxb4 Qxb4 31. R1d2 Qb6 32. Qf6 Ra8 33. R2d6 Qb8 34. g3 Ra1+ 35. Kg2 Ra8 36. Rxe6 Qc8 37. Ree7 Ra6 38. Qf4 Qxd7 39. Rxd7 Rb6 40. Qc7 Rbb8 41. e5 Rbe8 42. f4 Rb8 43. h4 Rxb2+ 44. Kh3 Rc2 45. e6 Kg7 46. Rxf7+ Rxf7 47. Qxf7+ Kh6 48. e7 Re2 49. Qf8+ Kh5 50. g4# 1-0

[Event "CZE-chT U12"]
[Site "Jihlava"]
[Date "2022.06.11"]
[Round "3.4"]
[White "Jancik, Vojtech"]
[Black "Kroulik, Stepan"]
[Result "0-1"]
[WhiteElo "1246"]
[BlackElo "1251"]
[PlyCount "106"]
[EventDate "2022.06.10"]
[EventType "team-swiss"]
[EventRounds "9"]
[EventCountry "CZE"]
[SourceTitle "CBM 209 Extra"]
[Source "ChessBase"]
[SourceDate "2022.09.30"]
[SourceVersion "1"]
[SourceVersionDate "2022.09.30"]
[SourceQuality "1"]
[WhiteTeam "Plzen 64 U12"]
[BlackTeam "Rychnov nad Kneznou U12"]
[WhiteTeamCountry "CZE"]
[BlackTeamCountry "CZE"]

1. e4 c5 2. Nf3 Nc6 3. d4 cxd4 4. Nxd4 g6 5. Nc3 Bg7 6. Be3 d6 7. Bc4 Bd7 8. Bb3 Nf6 9. 0-0 0-0 10. h3 Rc8 11. Qd2 Re8 12. Bh6 Bh8 13. Nf3 Na5 14. e5 dxe5 15. Nxe5 Nxb3 16. axb3 a6 17. Rfd1 Be6 18. Qe3 Qc7 19. Bf4 Qc5 20. Qd2 Nh5 21. Nf3 Bxc3 22. bxc3 Nxf4 23. Qxf4 Qxc3 24. Qe4 Qxc2 25. Qxb7 Qxb3 26. Qxa6 Bxh3 27. Ng5 Bf5 28. Re1 f6 29. Nf3 Kf7 30. Rab1 Bxb1 31. Nd4 Qc4 32. Qxc4+ Rxc4 33. Nf3 Bf5 34. Nh2 Rd8 35. Rf1 Rcd4 36. Nf3 Rd1 37. Ne1 Bd3 38. Nxd3 Rxf1+ 39. Kxf1 Rxd3 40. Kg1 e5 41. Kf1 f5 42. Kg1 f4 43. Kf1 e4 44. Ke2 Ra3 45. g4 Ra2+ 46. Kf1 e3 47. f3 Rf2+ 48. Ke1 Rxf3 49. Ke2 Rf2+ 50. Ke1 f3 51. g5 Ra2 52. Kd1 f2 53. Kc1 f1Q# 0-1

[Event "CZE-chT U12"]
[Site "Jihlava"]
[Date "2022.06.11"]
[Round "5.4"]
[White "Jancik, Vojtech"]
[Black "Ruzicka, Oto"]
[Result "0-1"]
[WhiteElo "1246"]
[BlackElo "1209"]
[PlyCount "74"]
[EventDate "2022.06.10"]
[EventType "team-swiss"]
[EventRounds "9"]
[EventCountry "CZE"]
[SourceTitle "CBM 209 Extra"]
[Source "ChessBase"]
[SourceDate "2022.09.30"]
[SourceVersion "1"]
[SourceVersionDate "2022.09.30"]
[SourceQuality "1"]
[WhiteTeam "Plzen 64 U12"]
[BlackTeam "Grygov U12"]
[WhiteTeamCountry "CZE"]
[BlackTeamCountry "CZE"]

1. e4 e5 2. Nf3 Nc6 3. Bc4 Nf6 4. Nc3 Nxe4 5. Nxe4 d5 6. Bb3 dxe4 7. Ng1 Bc5 8. f3 0-0 9. fxe4 Kh8 10. Nf3 f5 11. Bd5 fxe4 12. Bxe4 Bf5 13. Bxf5 Rxf5 14. d3 Qe7 15. Bg5 Rxg5 16. Nxg5 Qxg5 17. Qd2 Qe7 18. 0-0-0 Rd8 19. Rde1 Nb4 20. Kb1 Qe6 21. b3 Nd5 22. Qg5 Re8 23. c4 Nc3+ 24. Kb2 Bd4 25. Qh4 Nd1+ 26. Kc1 Nf2 27. Rhf1 Nxd3+ 28. Kc2 Nxe1+ 29. Rxe1 e4 30. Qf4 Bf6 31. Qxc7 Qa6 32. Kb1 Qa3 33. Re2 Qb4 34. Qd7 Rd8 35. Qe6 Qc3 36. Qc8 Qa1+ 37. Kc2 Qb2# 0-1